| 000 | 00449nam a2200181Ia 4500 | ||
|---|---|---|---|
| 999 |
_c6401 _d6401 |
||
| 003 | 0100 | ||
| 005 | 20170608142800.0 | ||
| 008 | 130227s9999 xx 000 0 und d | ||
| 040 | _cARRUPELIB | ||
| 050 | _aDT14.M78 2011 | ||
| 100 |
_aMugo, Micere Githae _932369 |
||
| 245 | _aWriting and Speaking from the Heart of My Mind | ||
| 260 |
_bAfrica World Press _aLondon _c2011 |
||
| 300 | _axxiv. 284p. :22cm. | ||
| 650 |
_aMugo, Micere githae _xSocial Conditions _932370 |
||
| 650 |
_aAfrica Civilization _y20th Century _932371 |
||
| 650 |
_aAfrica _xSocial Conditions _y1960 _916764 |
||
| 942 |
_2lcc _03 _cMONOGRAPH |
||